Statistics for North-, south-, west- and easternmost 1M+ city by continent

Click here to take the quiz!

General Stats

  • This quiz has been taken 42 times
    (21 since last reset)
  • The average score is 13 of 24

Answer Stats

ContinentMost:City / Urban area% Correct
OceaniaEastAuckland
94%
EuropeWestLisbon
94%
North AmericaSouthPanama City
88%
AfricaNorthTunis
88%
EuropeNorthHelsinki
82%
AfricaEastAntananarivo
76%
AfricaWestDakar
76%
OceaniaWestPerth
76%
North AmericaNorthEdmonton
71%
OceaniaSouthMelbourne
71%
AfricaSouthPort Elizabeth
71%
North AmericaWestVancouver
65%
AsiaEastSapporo
47%
OceaniaNorthHonolulu
35%
AsiaWestIzmir
35%
EuropeSouthMalaga
35%
South AmericaSouthMontevideo
35%
AsiaSouthDenpasar
29%
South AmericaWestGuayaquil
29%
EuropeEastPerm
29%
North AmericaEastSan Juan
29%
South AmericaNorthBarranquilla
24%
AsiaNorthKrasnoyarsk
24%
South AmericaEastJoao Pessoa
12%

Score Distribution

Percentile by Number Answered

Percent of People with Each Score

Your Score History

You have not taken this quiz since the last reset